Responsabilidad médica: doctrina, legislación y jurisprudencia
Збережено в:
| Автор: | |
|---|---|
| Інші автори: | |
| Формат: | Книга |
| Мова: | Іспанська |
| Опубліковано: |
Santiago
Jurídica La Ley
2004
|
| Редагування: | 1a. ed |
| Предмети: | |
| Теги: |
Додати тег
Немає тегів, Будьте першим, хто поставить тег для цього запису!
|
MARC
| LEADER | 00000nam a2200000 a 4500 | ||
|---|---|---|---|
| 001 | UCK3327 | ||
| 003 | CL-VaPUC | ||
| 008 | 050422e20040000CL |||||||||||||||||spa|d | ||
| 020 | |a 956784481X | ||
| 082 | 0 | 4 | |a 344.83041 |b QUI |2 21 |
| 100 | 0 | |a Quintana Letelier, Bárbara |e author |9 491430 | |
| 700 | |a Muñoz Sepúlveda, Carlos |e autor |9 618977 | ||
| 245 | 1 | 0 | |a Responsabilidad médica: doctrina, legislación y jurisprudencia |
| 250 | |a 1a. ed | ||
| 300 | |a 359 p | ||
| 942 | |c BK | ||
| 945 | |d 20050422 00:00:00 |a cmena | ||
| 260 | |a Santiago |b Jurídica La Ley |c 2004 | ||
| 650 | 0 | |a Responsabilidad médica |9 357519 | |
| 650 | 0 | |a Jurisprudencia |9 255952 | |
| 650 | 7 | |a RESPONSABILIDAD CIVIL |2 CL-VaPUC |9 491432 | |
| 650 | 0 | |a Responsabilidad penal |9 254899 | |
| 650 | 0 | |a Normas jurídicas |9 258310 | |
| 650 | 0 | |a Responsabilidad administrativa |9 256129 | |
| 583 | |a last modification |c 20050422 00:00:00 |k Rodrigo Vera | ||
| 999 | |c 312573 |d 312571 | ||
| 952 | |0 0 |1 0 |4 0 |6 344_830410000000000_QUI_2004 |7 0 |8 A |9 383065 |a BIBDER |b BIBDER |d 2019-11-21 |i 4112504 |l 5 |m 1 |o 344.83041 QUI 2004 |p 4112504 |r 2025-01-21 |s 2025-01-21 |w 2019-11-21 |y BK |k DER | ||